000 00482 a2200157 4500
005 20250506101737.0
020 _a978-0-07-295966-6
082 _a658. 404 BRO
100 _aBROWN, K. A.
245 _aManaging Projects: A Team-Based Approach
260 _aNew York,
_bMcGraw-Hill,
_c2010.
300 _axvi, 416p.: ill.; graph, picture, table.
_bIndex, references
_c27cm.
700 _aHYER, N. L.
856 _yAccess online book
_fManaging Projects
_dwww.mhhe.com
942 _2ddc
_cBKS
999 _c1993
_d1993